000 00334nam a22001457a 4500
008 221219b ||||| |||| 00| 0 eng d
020 _a9780415146999
041 _aeng
080 _a159.9
082 _a159.9PAL
100 _a25
101 _aPSI
245 _aFIFTY KEY THINKERS ON THE ENVIRONMENT
_cPALMER A J
942 _2udc
_cBK
999 _c59210
_d59210